Former Flags of Asian Countries/Territories (Union Jack) - Statistics

General Stats
  • This quiz has been taken 54 times
    53 since last reset
  • The average score is 7 of 17
Answer Stats
Picture Answer % Correct
British Palestine
77%
British Raj
77%
British Burma
69%
British Hongkong
69%
British Indian Ocean Territory
58%
Colony of Singapore
58%
British Malaya (Federated Malay States)
50%
British Ceylon
46%
Aden Colony
42%
Crown Colony of North Borneo (Sabah)
27%
Straits Settlements
27%
British North Borneo
23%
British Weihaiwei
23%
Crown Colony of Sarawak
23%
Crown Colony of Labuan
19%
Malacca
19%
Crown Colony of Penang
15%
No matching quizzes found
Score Distribution
Percent of People with Each Score
Percentile by Number Answered
Your Score History
You have not taken this quiz since the last reset